Las armas secretas / (Registro nro. 965)
[ vista simple ]
| 000 -LEADER | |
|---|---|
| fixed length control field | 00776aam a2200241 a 4500 |
| 001 - CONTROL NUMBER | |
| control field | 001297574 |
| 003 - CONTROL NUMBER IDENTIFIER | |
| control field | AR-BaBN |
| 005 - DATE AND TIME OF LATEST TRANSACTION | |
| control field | 20260312120420.0 |
| 007 - PHYSICAL DESCRIPTION FIXED FIELD--GENERAL INFORMATION | |
| fixed length control field | ta |
| 008 - FIXED-LENGTH DATA ELEMENTS--GENERAL INFORMATION | |
| fixed length control field | 131128s2000 sp gr 001 j spa |
| 020 ## - INTERNATIONAL STANDARD BOOK NUMBER | |
| International Standard Book Number | 84-931100-8-6 |
| 040 ## - CATALOGING SOURCE | |
| Original cataloging agency | AR-BaBN |
| Language of cataloging | spa |
| Transcribing agency | AR-BaBN |
| Description conventions | aacr |
| 043 ## - GEOGRAPHIC AREA CODE | |
| Geographic area code | s-ag--- |
| 080 1# - UNIVERSAL DECIMAL CLASSIFICATION NUMBER | |
| Universal Decimal Classification number | 821.134.2(82)-34 |
| Edition identifier | 2016 |
| 100 1# - MAIN ENTRY--PERSONAL NAME | |
| Personal name | Cortázar, Julio, |
| Dates associated with a name | 1914-1984 |
| Relator term | autor |
| Relationship | aut |
| 245 14 - TITLE STATEMENT | |
| Title | Las armas secretas / |
| Statement of responsibility, etc. | Julio Cortázar. |
| 260 ## - PUBLICATION, DISTRIBUTION, ETC. | |
| Place of publication, distribution, etc. | Barcelona : |
| Name of publisher, distributor, etc. | Sol 90 : |
| -- | Clarín, |
| Date of publication, distribution, etc. | 2000. |
| 300 ## - PHYSICAL DESCRIPTION | |
| Extent | 136 p. ; |
| Dimensions | 22 cm. |
| 490 0# - SERIES STATEMENT | |
| Series statement | Biblioteca de la Literatura Universal |
| 500 ## - GENERAL NOTE | |
| General note | En cubierta: Biblioteca Clarín, 4. |
| 505 00 - FORMATTED CONTENTS NOTE | |
| Formatted contents note | Cartas a mamá -- Los buenos servicios -- Las babas del diablo -- EL perseguidor -- Las armas secretas. |
| 655 #4 - INDEX TERM--GENRE/FORM | |
| Genre/form data or focus term | Cuento |
No hay ítems disponibles.